000 00894nam a2200217 a 4500
001 000028707
005 20240409073642.0
008 110411s1993 dr ab 001 0 spa d
040 _aDO-SdBNP
_bspa
_cBNPHU
082 _a972.93053
_bD473c
100 1 _aDespradel, Fidelio
_9324
245 1 0 _aConjura submarina :
_bun esfuerzo temprano para ajusticiar a Trujillo /
_cFidelio Despradel.
260 _aSanto Domingo :
_bAlfa & Omega,
_c1993.
300 _a154, [68] p. :
_bil., mapas ;
_c21 cm.
500 _aIncluye referencias bibliográficas y notas al pie de las páginas.
590 _aInventariado, 2020/BT
600 1 0 _aTrujillo Molina, Rafael Leónidas,
_d1891-1961
_xMuerte
_910869
650 4 _aHomicidio político
_zRepública Dominicana
_911383
651 4 _aRepública Dominicana
_xPolítica Y Gobierno
_yERA DE TRUJILLO, 1930-1961
_91374
910 _aValidado. Control de calidad EMS.
999 _c28199
_d28199